| 000 | 00735nam a2200205 i 4500 | ||
|---|---|---|---|
| 001 | 57571 | ||
| 003 | ES-MaACL | ||
| 005 | 20230906163614.0 | ||
| 007 | t| | ||
| 008 | 031016s1975 sp ||||1| spa d | ||
| 100 | 1 |
_aDomínguez Caparrós, José. _945197 |
|
| 245 | 1 | 0 |
_aContribución a la historia de las teorías métricas en los siglos XVIII y XIX / _cJosé Domínguez Caparrós. |
| 260 |
_aMadrid : _bInstituto Miguel de Cervantes, _c1975. |
||
| 300 |
_aXI, 544 p. ; _c25 cm. |
||
| 490 | 1 |
_aRevista de Filología española. Anejo ; _v92 |
|
| 710 | 2 |
_aInstituto "Miguel de Cervantes" _95133 |
|
| 830 | 0 |
_aRevista de Filología española. Anejo ; _v92 _9182615 |
|
| 852 |
_aES-MaACL _jE-7488 _bR.92000 |
||
| 999 |
_c57571 _d57571 |
||